|
|
|
|
| LEADER |
02217nam a2200529 a 4500 |
| 001 |
nkc20142594146 |
| 003 |
CZ PrNK |
| 005 |
20140709092252.0 |
| 007 |
ta |
| 008 |
140605s2013 xr ac e c 000 0dcze |
| 020 |
|
|
|a 978-80-260-6327-8
|q (v knize neuvedeno :
|q brož.)
|
| 040 |
|
|
|a BOA001
|b cze
|d ABA001
|
| 043 |
|
|
|a e-xr---
|
| 045 |
|
|
|a y-y-
|
| 072 |
|
7 |
|a 73
|x Sochařství, keramika, porcelán, umělecké zpracování kovů
|2 Konspekt
|9 21
|
| 080 |
|
|
|a 730(437.3)
|2 MRF
|
| 080 |
|
|
|a 7.038.544
|2 MRF
|
| 080 |
|
|
|a 730.036/.038
|2 MRF
|
| 080 |
|
|
|a (437.3)
|2 MRF
|
| 080 |
|
|
|a (083.824)
|2 MRF
|
| 245 |
0 |
0 |
|a Esprit racia :
|b 25.9.-3.11.2013 : Výstavní síň Chrudim v Divadle Karla Pippicha : [katalog výstavy /
|c úvod Kateřina Tučková]
|
| 260 |
|
|
|a [Chrudim] :
|b Chrudimská beseda,
|c 2013
|
| 300 |
|
|
|a [40] s. :
|b il. (převážně barev.), portréty ;
|c 15 x 21 cm
|
| 500 |
|
|
|a Výstava děl Moniky Horčicové a Tomáše Medka
|
| 500 |
|
|
|a Životopisná data, přehledy výstav a realizací
|
| 546 |
|
|
|a Český text
|
| 600 |
1 |
7 |
|a Horčicová, Monika,
|d 1988-
|7 jo2014825308
|2 czenas
|
| 600 |
1 |
7 |
|a Medek, Tomáš,
|d 1969-
|7 jn20000401766
|2 czenas
|
| 648 |
|
7 |
|a 21. století
|7 ch460559
|2 czenas
|
| 650 |
0 |
7 |
|a české sochařství
|7 ph128152
|y 21. stol.
|2 czenas
|
| 650 |
0 |
7 |
|a objekty (umění)
|7 ph123590
|z Česko
|2 czenas
|
| 650 |
0 |
7 |
|a moderní sochařství
|7 ph122941
|z Česko
|2 czenas
|
| 650 |
0 |
9 |
|a Czech sculpture
|y 21st century
|2 eczenas
|
| 650 |
0 |
9 |
|a objects (art)
|z Czechia
|2 eczenas
|
| 650 |
0 |
9 |
|a modern sculpture
|z Czechia
|2 eczenas
|
| 655 |
|
7 |
|a katalogy výstav
|7 fd132536
|2 czenas
|
| 655 |
|
9 |
|a exhibition catalogs
|2 eczenas
|
| 700 |
1 |
|
|a Horčicová, Monika,
|d 1988-
|7 jo2014825308
|4 art
|
| 700 |
1 |
|
|a Medek, Tomáš,
|d 1969-
|7 jn20000401766
|4 art
|
| 700 |
1 |
|
|a Tučková, Kateřina,
|d 1980-
|7 mzk2006348534
|4 wfw
|
| 710 |
2 |
|
|a Výstavní síň (Chrudim, Česko)
|7 pag2010575177
|
| 910 |
2 |
|
|a BOA001
|b 2-1328.547
|
| 990 |
|
|
|a BK
|
| 995 |
|
|
|a 11
|
| 991 |
|
|
|b 201407
|c NOV
|e n
|
| 996 |
6 |
|
|b 2610593965
|c 2-1328.547
|l MZK
|r Sklad / do 1 hodiny
|n 1
|p p.v.
|w 001428576
|u 000010
|a 1
|e BOA001
|j MZK50
|s P
|
| 996 |
7 |
|
|b 2610593966
|c 2-1328.547
|l MZK
|r Sklad / do 1 hodiny
|n 0
|p p.v.
|w 001428576
|u 000020
|a 1
|e BOA001
|j MZK50
|s A
|